Who's that Michael? - Statistics

General Stats
  • This quiz has been taken 14 times
  • The average score is 5 of 11
Answer Stats
Question Answer % Correct
Dexter Michael C Hall
92%
Race Car Driver Michael Schumacher
92%
Singer Michael Bolton
77%
He He Michael Jackson
69%
Not a Actor Michael Badal
54%
Dead Michael Michael Gambon
46%
American Michael Michael Cimino
31%
Not a Tiktoker/Youtuer Michael Clifford
23%
Fake Michael Michael Jardon
23%
Youngest Michael Michael Keaton
8%
Black Michael Michael V Drake
8%
No matching quizzes found
Score Distribution
Percent of People with Each Score
Percentile by Number Answered
Your Score History
You have not taken this quiz